| 000 | 00990cam a2200325 a 4500 | ||
|---|---|---|---|
| 001 | 3854251 | ||
| 003 | GZU | ||
| 005 | 20250115091320.0 | ||
| 008 | 880219s1989 ilua b 001 0 eng | ||
| 010 | _a 88000770 | ||
| 020 |
_a0256035687 : _c$36.95 |
||
| 022 | _a. | ||
| 040 |
_aDLC _cDLC _dDLC |
||
| 050 | 0 | 0 |
_aHF5635 _b.ANT 1989 |
| 082 | 0 | 0 |
_a658.1/511 _219 |
| 100 | 1 |
_aAnthony, Robert N. _q(Robert Newton), _d1916-2006. |
|
| 245 | 1 | 0 |
_aAccounting principles / _cRobert N. Anthony, James S. Reece. |
| 250 | _a6th ed. | ||
| 260 |
_aHomewood, Ill. : _bIrwin, _c1989. |
||
| 300 |
_axvii, 678 pages : _billustrations ; _c25 cm. |
||
| 440 | 4 | _aThe Robert N. Anthony/Willard J. Graham series in accounting | |
| 500 | _a. | ||
| 504 | _aIncludes bibliographical references and index. | ||
| 505 | _a. | ||
| 520 | _a. | ||
| 650 | 0 | _aAccounting. | |
| 700 | 1 |
_aReece, James S. _eauthor |
|
| 906 |
_a7 _bcbc _corignew _d1 _eocip _f19 _gy-gencatlg |
||
| 942 |
_2lcc _cBK _e6th _h5635 _iANT _kHF _m1989 |
||
| 999 |
_c7552 _d7552 |
||